African and Asian Studies.

محفوظ في:

التنسيق: دورية

اللغة: Undetermined

الموضوعات:

الوصول للمادة أونلاين: Login to view Source

الوسوم: إضافة وسم

لا توجد وسوم, كن أول من يضع وسما على هذه التسجيلة!

رقم الطلب:

LEADER 00509nms a2200181 a 4500
005 20240402050113.0
008 240131s9999||||xx |||||||||||||||||und||
999 |c 56317  |d 56317 
022 |a 1569-2094 
022 |a 1569-2108 
245 0 0 |a African and Asian Studies. 
336 |2 rdacontent  |a text  |b txt 
337 |2 rdamedia  |a unmediated  |b n 
338 |2 rdacarrier  |a volume  |b n 
500 |a BRILLBRILLJ 
650 4 |a Regional studies. 
856 |z AAS  |u https://brill.com/view/journals/aas/aas-overview.xml 
942 |2 lcc  |c EJL